[Event "CAN-ch U14 Girls"]
[Site "Windsor"]
[Date "2015.07.08"]
[Round "5.49"]
[White "Paraparan, Varshini"]
[Black "Fenning, Rachel"]
[Result "1-0"]
[WhiteElo "1541"]
[BlackElo "1274"]
[PlyCount "45"]
[EventDate "2015.07.06"]
[EventType "swiss"]
[EventRounds "7"]
[EventCountry "CAN"]
[SourceTitle "EXT 2022"]
[Source "ChessBase"]
[SourceDate "2021.10.06"]
[SourceVersion "1"]
[SourceVersionDate "2021.10.06"]
[SourceQuality "1"]

1. e4 e5 2. Nf3 Na6 3. Nc3 Nh6 4. Nxe5 f6 5. Nf3 b5 6. Bxb5 c6 7. Bc4 Bb4 8. 0-0 Rb8 9. d4 d6 10. Qe2 g6 11. Bxh6 Rg8 12. Bxg8 Ke7 13. Bc4 Nc7 14. e5 dxe5 15. dxe5 fxe5 16. Bg5+ Ke8 17. Qxe5+ Ne6 18. Bxd8 h6 19. Bf6 Rb6 20. Bxe6 Bxe6 21. Qxe6+ Kf8 22. Ne5 Rb7 23. Nxg6# 1-0

[Event "Scarborough CC-ch Reserves U1400"]
[Site "Toronto"]
[Date "2012.05.10"]
[Round "8"]
[White "Mendrinos, Ari"]
[Black "Paraparan, Varshini"]
[Result "1-0"]
[WhiteElo "1298"]
[BlackElo "1141"]
[PlyCount "115"]
[EventDate "2012.03.22"]
[EventType "swiss"]
[EventRounds "9"]
[EventCountry "CAN"]
[SourceTitle "EXT 2022"]
[Source "ChessBase"]
[SourceDate "2021.10.06"]
[SourceVersion "1"]
[SourceVersionDate "2021.10.06"]
[SourceQuality "1"]

1. c4 e5 2. Nc3 Nf6 3. d3 d6 4. g3 Be7 5. Bg2 0-0 6. Nf3 Be6 7. Ng5 h6 8. Nxe6 fxe6 9. Bxb7 Nbd7 10. Bxa8 Qxa8 11. 0-0 Nh7 12. e4 Nb6 13. f4 exf4 14. Rxf4 Rxf4 15. Bxf4 Bd8 16. Qg4 Kf7 17. Rf1 Bf6 18. Qh5+ Kg8 19. Qg4 Kf7 20. e5 dxe5 21. Bxe5 c5 22. Ne4 Nd7 23. Nxf6 Nhxf6 24. Bxf6 Nxf6 25. Qh5+ Kg8 26. Qg6 Qd8 27. Rxf6 Qxf6 28. Qxf6 gxf6 29. Kf2 Kf7 30. Kf3 a5 31. Ke4 Ke7 32. d4 Kd6 33. g4 f5+ 34. gxf5 exf5+ 35. Kxf5 cxd4 36. Ke4 Kc5 37. Kd3 a4 38. a3 h5 39. h4 Kc6 40. Kxd4 Kd6 41. c5+ Kc6 42. Kc4 Kc7 43. Kd5 Kd7 44. c6+ Kc7 45. Kc5 Kc8 46. Kb5 Kc7 47. Kxa4 Kxc6 48. b4 Kb6 49. Kb3 Kb5 50. a4+ Ka6 51. Kc4 Kb6 52. b5 Kb7 53. Kc5 Kc7 54. b6+ Kb7 55. a5 Kb8 56. Kc6 Ka8 57. b7+ Kb8 58. a6 1-0

[Event "Scarborough CC Falling Leaves U1400"]
[Site "Toronto"]
[Date "2011.12.15"]
[Round "7"]
[White "Liao, Jacky"]
[Black "Paraparan, Varshini"]
[Result "0-1"]
[WhiteElo "1281"]
[BlackElo "978"]
[PlyCount "62"]
[EventDate "2011.11.03"]
[EventType "swiss"]
[EventRounds "7"]
[EventCountry "CAN"]
[SourceTitle "EXT 2022"]
[Source "ChessBase"]
[SourceDate "2021.10.06"]
[SourceVersion "1"]
[SourceVersionDate "2021.10.06"]
[SourceQuality "1"]

1. c4 e5 2. Nc3 Nf6 3. Nf3 d6 4. g3 Be7 5. Bg2 Nc6 6. 0-0 0-0 7. d3 Bg4 8. a3 Qd7 9. Re1 Rfe8 10. b4 a6 11. Rb1 Na7 12. d4 Bd8 13. Bg5 h6 14. Bxf6 Bxf6 15. Nd5 Bd8 16. a4 b5 17. Ne3 Bh3 18. Bh1 bxa4 19. Nxe5 dxe5 20. Bxa8 exd4 21. Nc2 c6 22. Qxd4 Qxd4 23. Nxd4 Bf6 24. Bxc6 Rc8 25. b5 Bxd4 26. Bb7 Rxc4 27. bxa6 Bc8 28. Rec1 Rxc1+ 29. Rxc1 Be6 30. Be4 a3 31. Rd1 a2 0-1

[Event "Scarborough CC Howard Ridout U1800"]
[Site "Toronto"]
[Date "2011.10.13"]
[Round "4"]
[White "Liao, Jacky"]
[Black "Paraparan, Varshini"]
[Result "0-1"]
[WhiteElo "1327"]
[BlackElo "927"]
[PlyCount "82"]
[EventDate "2011.09.08"]
[EventType "swiss"]
[EventRounds "6"]
[EventCountry "CAN"]
[SourceTitle "EXT 2022"]
[Source "ChessBase"]
[SourceDate "2021.10.06"]
[SourceVersion "1"]
[SourceVersionDate "2021.10.06"]
[SourceQuality "1"]

1. e4 e5 2. Nf3 Nc6 3. Bb5 a6 4. Ba4 Nf6 5. 0-0 d6 6. Re1 Bd7 7. h3 Be7 8. c3 0-0 9. d4 exd4 10. cxd4 h6 11. e5 Nh7 12. Bf4 d5 13. Nc3 Be6 14. Bb3 Bb4 15. a3 Ba5 16. Ba2 Ne7 17. Rc1 c6 18. Bb1 Bf5 19. Qe2 Bxb1 20. Rxb1 Ng6 21. Bg3 Re8 22. Qd3 Ng5 23. b4 Bb6 24. Rbd1 Nxf3+ 25. Qxf3 Qg5 26. Na4 Bc7 27. Nc5 b6 28. e6 fxe6 29. Nxe6 Rxe6 30. Rxe6 Rf8 31. Qd3 Nf4 32. Bxf4 Qxf4 33. Qe3 Qh2+ 34. Kf1 Bf4 35. Qc3 Bg3 36. f3 Qh1+ 37. Ke2 Qxg2+ 38. Kd3 Rxf3+ 39. Re3 Rxe3+ 40. Kxe3 Qe4+ 41. Kd2 Bf4+ 0-1

[Event "CAN-ch U08 Girls"]
[Site "Windsor"]
[Date "2010.07.08"]
[Round "6"]
[White "Paraparan, Varshini"]
[Black "Birarov, Nicole"]
[Result "0-1"]
[WhiteElo "867"]
[BlackElo "883"]
[PlyCount "82"]
[EventDate "2010.07.06"]
[EventType "swiss"]
[EventRounds "7"]
[EventCountry "CAN"]
[SourceTitle "EXT 2012"]
[Source "ChessBase"]
[SourceDate "2011.11.24"]
[SourceVersion "1"]
[SourceVersionDate "2011.11.24"]
[SourceQuality "1"]

1. e4 d5 2. exd5 Nf6 3. d4 e6 4. Nf3 exd5 5. Bd3 c5 6. 0-0 Nc6 7. Bb5 Bd6 8. Bg5 Be6 9. Re1 0-0 10. Ne5 Nxd4 11. Bd3 c4 12. Bxc4 Bxe5 13. c3 dxc4 14. Rxe5 Nc6 15. Qxd8 Raxd8 16. Re1 Rd5 17. Bxf6 gxf6 18. b3 cxb3 19. axb3 Rfd8 20. f3 Rd1 21. Rxd1 Rxd1+ 22. Kf2 Bxb3 23. Kg3 Bc2 24. Ra2 Bxb1 25. Re2 a5 26. h4 h5 27. Re8+ Kg7 28. Ra8 Bc2 29. f4 a4 30. Kf2 b6 31. Ke3 Na5 32. Rb8 Rb1 33. Kd2 a3 34. Rxb6 Rxb6 35. Kxc2 Rb2+ 36. Kd3 a2 37. Kd4 a1Q 38. Kc5 Qa3+ 39. Kd4 Rd2+ 40. Ke4 Qxc3 41. f5 Rd4# 0-1

[Event "Scarborough CC-ch Reserves U1700"]
[Site "Toronto"]
[Date "2010.03.18"]
[Round "4"]
[White "Sottile, Claudio"]
[Black "Paraparan, Varshini"]
[Result "1-0"]
[WhiteElo "1324"]
[BlackElo "752"]
[PlyCount "69"]
[EventDate "2010.02.25"]
[EventType "swiss"]
[EventRounds "9"]
[EventCountry "CAN"]
[SourceTitle "EXT 2022"]
[Source "ChessBase"]
[SourceDate "2021.10.06"]
[SourceVersion "1"]
[SourceVersionDate "2021.10.06"]
[SourceQuality "1"]

1. e4 e5 2. Nf3 Nc6 3. Bb5 Nd4 4. Nxd4 exd4 5. c3 c6 6. Bc4 Bc5 7. b4 Bb6 8. Bb2 Nf6 9. 0-0 Nxe4 10. cxd4 d5 11. Re1 Bf5 12. f3 dxc4 13. Nc3 0-0 14. Nxe4 Re8 15. Ng3 Rxe1+ 16. Qxe1 Bd3 17. Qe3 Bg6 18. Rc1 Qe8 19. Rxc4 Qxe3+ 20. dxe3 Re8 21. Kf2 a5 22. bxa5 Bxa5 23. Bc3 b5 24. Rxc6 Bxc3 25. Rxc3 b4 26. Rb3 Rb8 27. a3 Bc2 28. Rxb4 Rxb4 29. axb4 g6 30. Ke2 h5 31. Kd2 Bf5 32. Nxf5 gxf5 33. Kd3 Kf8 34. Kc4 Ke8 35. h4 1-0